La structure economique de la France / (Record no. 96428)

MARC details
000 -LEADER
campo de control de longitud fija 00554nam a2200193 i 4500
001 - NÚMERO DE CONTROL
campo de control 96428
003 - IDENTIFICADOR DE NÚMERO DE CONTROL
campo de control ES-MaACL
005 - FECHA Y HORA DE LA ÚLTIMA TRANSACCIÓN
campo de control 20250710062726.0
007 - CAMPO FIJO DE DESCRIPCIÓN FÍSICA--INFORMACIÓN GENERAL
campo de control de longitud fija t|
008 - DATOS DE LONGITUD FIJA--INFORMACIÓN GENERAL
campo de control de longitud fija 050617s1958 fr ||||1| fre d
100 1# - ENTRADA PRINCIPAL--NOMBRE DE PERSONA
Nombre de persona Maillet, Pierre.
9 (RLIN) 75582
245 13 - MENCIÓN DEL TÍTULO
Título La structure economique de la France /
Mención de responsabilidad, etc. par Pierre Maillet.
250 ## - MENCION DE EDICION
Mención de edición [1ª ed.].
260 ## - PUBLICACIÓN, DISTRIBUCIÓN, ETC.
Lugar de publicación, distribución, etc. Paris :
Nombre del editor, distribuidor, etc. Presses Universitaires de France,
Fecha de publicación, distribución, etc. 1958.
490 1# - MENCIÓN DE SERIE
Mención de serie Que sais-je? ;
Designación de volumen o secuencia 791
830 00 - PUNTO DE ACCESO ADICIONAL DE SERIE-TÍTULO UNIFORME
Título uniforme Que sais-je?
Designación de volumen o secuencia 791
9 (RLIN) 180931
852 ## - LOCALIZACIÓN
Ubicación ES-MaACL
Número de control de estantería C-15646
Sublocalización o colección R.43285
Holdings
Estatus retirado Estado de pérdida Estado de daño No para préstamo Biblioteca de origen Biblioteca actual Ubicación en estantería Fecha de adquisición Fuente de adquisición Total de préstamos Signatura topográfica completa Código de barras Visto por última vez Precio de reemplazo Tipo de ítem Koha
        Biblioteca del Ateneo de Madrid Biblioteca del Ateneo de Madrid Ficheros 17/01/2008     C-15646 1100673 23/02/2023 23/02/2023 Libro impreso